000 01368nam a22002655i 4500
001 166449
003 ES-MaACL
005 20250811052502.0
008 990208m18721881sp |||| | spa d
040 _aCCPB | B
_bspa
_cCCPB | B
100 1 _aToreno, José María Queipo de Llano Ruiz de Saravia,
_cConde de,
_d1786-1843
_9143059
245 1 0 _aDiscursos parlamentarios /
_cde José María Queipo de Llano y Rúiz de Saravia, conde de Toreno ; publicados y anotados por su hijo Francisco de Borja Queipo de Llano y Gayoso, conde de Toreno.
260 _aMadrid :
_b[s.n.],
_c1872-1881 (
_fImprenta de Berenguillo)
300 _a2 v. ;
_c21 cm.
505 8 _aContiene : T. I. : Cortes de Cádiz -- T. II. : Cortes de 1820 a 1821 : Legislatura de 1820
530 _aDisponible en formato digital.
596 1 _aT. II. : Imprenta y fundición de Manuel Tello.
610 1 4 _aEspaña.
_bCortes de Cádiz
_93663
651 4 _aEspaña-
_xHistoria-
_y1808-1814, Guerra de la Independencia
_98244
651 7 _aEspaña-
_xHistoria-
_y1820-1823, Trienio constitucional
_2
_9145382
700 1 _aQueipo de Llano y Gayoso, Francisco de Borja,
_cConde de Toreno.
_9158110
852 _aES-MaACL
_jF-10181
_z-- Enc. hol.
_q-- Sólo el t. I
856 _uhttp://bdh-rd.bne.es/viewer.vm?id=0000099910&page=1
_zBiblioteca Digital Hispánica
999 _c166449
_d166449